<?xml version="1.0" encoding="UTF-8"?><?xml-stylesheet type="text/xsl" href="static/style.xsl"?><OAI-PMH xmlns="http://www.openarchives.org/OAI/2.0/" xmlns:xsi="http://www.w3.org/2001/XMLSchema-instance" xsi:schemaLocation="http://www.openarchives.org/OAI/2.0/ http://www.openarchives.org/OAI/2.0/OAI-PMH.xsd"><responseDate>2026-06-01T23:27:09Z</responseDate><request verb="GetRecord" identifier="oai:riuma.uma.es:10630/23292" metadataPrefix="marc">https://riuma.uma.es/rest/oai/request</request><GetRecord><record><header><identifier>oai:riuma.uma.es:10630/23292</identifier><datestamp>2026-02-03T10:20:04Z</datestamp><setSpec>com_10630_1685</setSpec><setSpec>col_10630_38055</setSpec></header><metadata><record xmlns="http://www.loc.gov/MARC21/slim" xmlns:dcterms="http://purl.org/dc/terms/" xmlns:doc="http://www.lyncode.com/xoai" xmlns:xsi="http://www.w3.org/2001/XMLSchema-instance" xsi:schemaLocation="http://www.loc.gov/MARC21/slim http://www.loc.gov/standards/marcxml/schema/MARC21slim.xsd">
   <leader>00925njm 22002777a 4500</leader>
   <datafield ind2=" " ind1=" " tag="042">
      <subfield code="a">dc</subfield>
   </datafield>
   <datafield ind2=" " ind1=" " tag="720">
      <subfield code="a">Márquez Gambero, Laura</subfield>
      <subfield code="e">author</subfield>
   </datafield>
   <datafield ind2=" " ind1=" " tag="260">
      <subfield code="c">2021-11-29</subfield>
   </datafield>
   <datafield ind2=" " ind1=" " tag="520">
      <subfield code="a">Feminismo de ayer a hoy es un proyecto realizado como Trabajo de Fin de Grado en la Facultad de Bellas Artes de Málaga.&#xd;
En este hay presente una fuerte necesidad de autoaprendizaje. Sin embargo, también cuenta con una clara intencionalidad didáctica, pues uno de sus objetivos es educar al lector y así poder acabar con los falsos prejuicios que rodean al feminismo. Conocer la historia de grandes mujeres, su contexto y sobre todo sus logros, nos aporta las bases que necesitamos para seguir avanzando en la lucha feminista ya que mirando atrás y conociendo los orígenes del movimiento podremos entender la actualidad.&#xd;
La obra unifica y equilibra tres aspectos esenciales: la ilustración, el texto y una serie de recursos técnicos que la hacen una obra única aportando a su vez un gran interés artístico.</subfield>
   </datafield>
   <datafield ind1="8" ind2=" " tag="024">
      <subfield code="a">https://hdl.handle.net/10630/23292</subfield>
   </datafield>
   <datafield tag="653" ind2=" " ind1=" ">
      <subfield code="a">Bellas Artes - Trabajos Fin de Grado</subfield>
   </datafield>
   <datafield tag="653" ind2=" " ind1=" ">
      <subfield code="a">Grado en Bellas Artes - Trabajos Fin de Grado</subfield>
   </datafield>
   <datafield tag="653" ind2=" " ind1=" ">
      <subfield code="a">Arte</subfield>
   </datafield>
   <datafield ind2="0" ind1="0" tag="245">
      <subfield code="a">Feminismo ayer y hoy</subfield>
   </datafield>
</record>
</metadata></record></GetRecord></OAI-PMH>